Normal view MARC view
  • India.

Entry Corporate Name

Number of records used in: 3

001 - CONTROL NUMBER

  • control field: 1642

003 - CONTROL NUMBER IDENTIFIER

  • control field: NUST

005 - DATE AND TIME OF LATEST TRANSACTION

  • control field: 20170530132017.0

008 - FIXED-LENGTH DATA ELEMENTS

  • fixed length control field: 170530|| aca||aabn | a|a d

040 ## - CATALOGING SOURCE

  • Original cataloging agency: NUST
  • Transcribing agency: NUST

110 ## - HEADING--CORPORATE NAME

  • Corporate name or jurisdiction name as entry element: India.
  • Title of a work: Treaties, etc.
  • Miscellaneous information: Pakistan,
  • Date of meeting or treaty signing: 1960 September 19.

670 ## - SOURCE DATA FOUND

  • Source citation: Work cat.: (NUST)34109: Nadeem Shafiq Malik. 1000, The Indus Waters Treaty, 1960 :, 2015
© 2023 Central Library, National University of Sciences and Technology. All Rights Reserved.